000 00684nam a2200205 a 4500
001 000040934
005 20201002034504.0
008 130911s1985 mx 001 0 spa d
020 _a9682416736
040 _aDO-SdBNP
_bspa
_cBNPHU
082 _axxx
_bxxxx
100 1 _aDunham, Randall B.
_967361
240 1 0 _aOrganizational surveys
245 1 0 _aSalud organizacional :
_banálisis y diagnóstico internos /
_cRandall B. Dunham, Frank J. Smith; traducción, Carlos Villegas García.
260 _aMéxico, :
_bTrillas,
_c1985.
300 _a187 p.
504 _aBibliografía p: 179 - 180
700 1 _aSmith, Frank J.
_967362
700 1 _aVillegas García, Carlos
_etrad.
_947034
999 _c40424
_d40424